000 00213nam a22000977a 4500
003 SGT
245 _aJournal of Indian Prosthodontics Society
260 _bWolters
_c2021-2022
300 _a434,412
942 _2ddc
_cBV
999 _c30309
_d30309